Religion Quiz

Random Religion or Verse Quiz

Modern Biblical Countries Quiz Stats

Quiz Updated Dec 21, 2015

Also try: Bible Locations
Challenge
Share
Tweet
Embed
Score 0/17 Timer 04:00
1 Play Today
Verse Country % Correct
Genesis 32:28, Matthew 2:6Israel
95.9%
Genesis 12:10, Matthew 2:13Egypt
93.4%
Genesis 13:10, Matthew 3:5Jordan
85.2%
Acts 18:2Italy
84.5%
Acts 20:2Greece
84.4%
Judges 10:6, Matthew 4:24Syria
83.7%
Deuteronomy 1:7Lebanon
75.5%
Joel 3:4Palestine
61.5%
Ezekiel 30:5, Acts 2:10Libya
61.3%
Verse Country % Correct
Romans 15:24Spain
57.6%
Acts 4:36Cyprus
57.1%
Genesis 2:13, Acts 8:27Ethiopia
56.9%
Esther 1:1India
54.5%
Acts 16:9Macedonia
42%
Acts 28:1Malta
41.7%
2 Kings 19:37Armenia
33.9%
Acts 13:1Niger
16.5%

You're not logged in!

Compare scores with friends on all Sporcle quizzes.
Join for Free
OR
Log In

You Might Also Like...

Show Comments

Extras

Top Quizzes Today


Score Distribution

Your Account Isn't Verified!

In order to create a playlist on Sporcle, you need to verify the email address you used during registration. Go to your Sporcle Settings to finish the process.

Report this User

Report this user for behavior that violates our Community Guidelines.

Details: